Η ΜΕΘΟΔΟΣ PNF (Record no. 4867)
[ view plain ]
| 000 -LEADER | |
|---|---|
| fixed length control field | 01016cam a22002414a 4500 |
| 005 - ΗΜΕΡΟΜΗΝΙΑ ΚΑΙ ΩΡΑ ΤΕΛΕΥΤΑΙΑΣ ΕΝΗΜΕΡΩΣΗΣ | |
| Πεδίο ελέγχου | 20250605164156.0 |
| 008 - FIXED-LENGTH DATA ELEMENTS--GENERAL INFORMATION | |
| Πεδίο ελέγχου σταθερού μήκους | 250528s ||||||||||||||||||||||||d |
| 035 ## - SYSTEM CONTROL NUMBER | |
| System control number | 19611 |
| 020 ## - ISBN | |
| ISBN | 9607461223 |
| 040 ## - ΠΗΓΗ ΚΑΤΑΛΟΓΟΓΡΑΦΗΣΗΣ | |
| Φορέας πρωτότυπης καταλογογράφησης | MC Athens Campus Library |
| Γλώσσα καταλογογράφησης | Ελληνικά, Μοντέρνα (1453-) |
| Modifying agency | MC Athens Campus Library |
| Κανόνες περιγραφικής καταλογογράφησης | AACR2 |
| 245 1# - ΤΙΤΛΟΣ ΚΑΙ ΔΗΛΩΣΗ ΥΠΕΥΘΥΝΟΤΗΤΑΣ | |
| Τίτλος | Η ΜΕΘΟΔΟΣ PNF |
| 250 ## - EDITION STATEMENT | |
| Edition statement | 1 |
| 260 ## - PUBLICATION, DISTRIBUTION, ETC. | |
| Name of publisher, distributor, etc. | Ιατρικες Εκδόσεις Σιωκης, |
| Date of publication, distribution, etc. | 1997 |
| 300 ## - PHYSICAL DESCRIPTION | |
| Extent | 291 |
| 505 0# - FORMATTED CONTENTS NOTE | |
| Formatted contents note | ΒΑΣΙΚΕΣ ΔΙΑΔΙΚΑΣΙΕΣ ΤΗΣ ΔΙΕΥΚΟΛΥΝΣΗΣ ΤΕΧΝΙΚΕΣ ΘΕΡΑΠΕΙΑ ΑΣΘΕΝΟΥΣ ΣΧΗΜΑΤΑ ΔΙΕΥΚΟΛΥΝΣΗΣ ΤΑ ΑΝΩ ΑΚΡΑ ΤΑ ΚΑΤΩ ΑΚΡΑ Ο ΑΥΧΕΝΑΣ |
| 520 ## - SUMMARY, ETC. | |
| Summary, etc. | ΒΑΣΙΚΕΣ ΔΙΑΔΙΚΑΣΙΕΣ ΤΗΣ ΔΙΕΥΚΟΛΥΝΣΗΣ ΤΕΧΝΙΚΕΣ ΘΕΡΑΠΕΙΑ ΑΣΘΕΝΟΥΣ ΣΧΗΜΑΤΑ ΔΙΕΥΚΟΛΥΝΣΗΣ ΤΑ ΑΝΩ ΑΚΡΑ ΤΑ ΚΑΤΩ ΑΚΡΑ Ο ΑΥΧΕΝΑΣ |
| 700 1# - ΠΡΟΣΘΕΤΗ ΑΝΑΓΡΑΦΗ--ΦΥΣΙΚΟ ΠΡΟΣΩΠΟ | |
| Personal name | Adler S.S. |
| 9 (RLIN) | 5816 |
| 700 1# - ΠΡΟΣΘΕΤΗ ΑΝΑΓΡΑΦΗ--ΦΥΣΙΚΟ ΠΡΟΣΩΠΟ | |
| Personal name | Beckers D. |
| 9 (RLIN) | 5817 |
| 700 1# - ΠΡΟΣΘΕΤΗ ΑΝΑΓΡΑΦΗ--ΦΥΣΙΚΟ ΠΡΟΣΩΠΟ | |
| Personal name | Buck M |
| 9 (RLIN) | 5818 |
| 942 ## - ADDED ENTRY ELEMENTS (KOHA) | |
| Koha item type | Books |
| Τύπος τεκμηρίου | Βιβλιοθήκη | Τρέχουσα τοποθεσία | Barcode | Αριθμός εισαγωγής | Ημερομηνία απόκτησης | Ταξιθετικό σύμβολο | Αριθμός αντιτύπου | Κατάσταση απόσυρσης | Κατάσταση χαμένου | Κατάσταση κατεστραμμένου | Μη δανεισμός | Σύνολο δανεισμών | Ημερομηνία τελευταίας εμφάνισης | Η τιμή ισχύει από |
|---|---|---|---|---|---|---|---|---|---|---|---|---|---|---|
| Books | MC Thessaloniki Campus Library | MC Thessaloniki Campus Library | 9780000048660 | 1732 | 05/06/2025 | 615.82 ADL | 1 | 05/06/2025 | 05/06/2025 |